| 000 | 00905nam a22003017a 4500 | ||
|---|---|---|---|
| 001 | BR2010000864 | ||
| 003 | BR-BrBNA | ||
| 005 | 20230928103200.0 | ||
| 007 | ta | ||
| 008 | 230509b bl.||||| |||| 00| 0 por d | ||
| 040 |
_aBR-BrBNA _bpor _cBiblioteca Nacional de Agricultura |
||
| 041 | _a(Por) | ||
| 072 | _aE14 | ||
| 090 | _ E14 BR2010000864 | ||
| 100 | 1 | _aCastro, C.E.F. de | |
| 100 | 1 | _aCarbonell, S.A.M. | |
| 100 | 1 | _aMaia, M.S.D. | |
| 100 | 1 | _aAzedo Filho, J.A. de | |
| 110 | 1 |
_aConselho Nacional dos Sistemas Estaduais de Pesquisa Agropecuária, Brasília, DF (Brasil) _92718 |
|
| 245 | 1 |
_aTransferência de tecnologia _bSérie Reuniões Técnicas, 11 |
|
| 260 | 3 |
_aBrasília, DF (Brasil): _c2005. |
|
| 300 | _a25 p. | ||
| 650 | _aTRANSFERÊNCIA DE TECNOLOGIA | ||
| 650 | _aAGRICULTURA FAMILIAR | ||
| 650 | _aDIVULGAÇÃO | ||
| 909 |
_a202309 _bLucia _c55 _dLucia Elande |
||
| 942 | _cBK | ||
| 999 |
_c74043 _d74043 |
||